Statistics for All 1M Cities Starting with “B” to Country

Click here to take the quiz!

General Stats

  • This quiz has been taken 186 times
  • The average score is 39 of 45

Answer Stats

CityCountry% Correct
BaghdadIraq
99%
BangkokThailand
98%
BostonUnited States
97%
Buenos AiresArgentina
96%
BrusselsBelgium
96%
BeijingChina
96%
BogotáColombia
96%
BerlinGermany
96%
BudapestHungary
96%
BucharestRomania
96%
BarcelonaSpain
96%
BirminghamUnited Kingdom
96%
BuffaloUnited States
96%
BrisbaneAustralia
95%
BelgradeSerbia
95%
BakuAzerbaijan
94%
BrasíliaBrazil
94%
BordeauxFrance
94%
BangaloreIndia
94%
BeirutLebanon
94%
Belo HorizonteBrazil
93%
BrazzavilleRepublic of the Congo
90%
BishkekKyrgyzstan
88%
BamakoMali
88%
BusanSouth Korea
88%
BhopalIndia
87%
BandungIndonesia
86%
BaodingChina
85%
BarranquillaColombia
84%
BelémBrazil
83%
BanguiCentral African Republic
83%
Bandar LampungIndonesia
83%
BaojiChina
82%
BhubaneswarIndia
82%
BaotouChina
81%
BenxiChina
80%
BhilaiIndia
80%
BasraIraq
79%
Benin CityNigeria
77%
BengbuChina
76%
BursaTurkey
74%
BucaramangaColombia
58%
BarquisimetoVenezuela
56%
BatamIndonesia
55%
BareillyIndia
48%

Score Distribution

Percentile by Number Answered

Percent of People with Each Score

Your Score History

You have not taken this quiz